000 01117nam a2200277Ia 4500
003 OSt
005 20210420101246.0
008 210310s1992 ck gr 000 0 spa d
020 _a9586016838
040 _aCO-JMCR
_cCO-JMCR
041 0 _aspa
082 0 4 _a650.1 /
_bO353s
_223
100 1 _aOgliastri, Enrique,
_eautor
_912817
245 1 3 _aEl Sistema Japonés de Negociación.
_bla experiencia de América Latina /
_cEnrique Ogliastri
250 _aSegunda edición
260 _aBogotá :
_bTercer mundo,
_c1992.
300 _axxxii, 133 páginas ;
_c21 cm.
490 0 _aAdministración.
500 _aDatos biográficos del autor en solapa posterior.
504 _aBibliografía :páginas 129-133.
505 0 _aEl sistema Japonés y la nueva teoría de la negociación. -- Historia de negociaciones. -- Los japoneses describen a los latinos. -- Cuatro perspectivas sobre la negociación japonesa. -- Las negociaciones de Latinoamérica y japoneses
650 1 4 _aNegociación en negocios
_936994
650 2 4 _aComercio
_zColombia
_936995
650 2 4 _aComercio
_zJapón
_936996
942 _2ddc
_cBK
999 _c11544
_d11544